|
|
|
|
| LEADER |
00000cam a22000004a 4500 |
| 001 |
musev2_32676 |
| 003 |
MdBmJHUP |
| 005 |
20230905043438.0 |
| 006 |
m o d |
| 007 |
cr||||||||nn|n |
| 008 |
140709s2014 nyu o 00 0 eng d |
| 020 |
|
|
|a 9780815652601
|
| 020 |
|
|
|z 9780815633471
|
| 035 |
|
|
|a (OCoLC)883247522
|
| 040 |
|
|
|a MdBmJHUP
|c MdBmJHUP
|
| 245 |
0 |
0 |
|a Talking through the Door :
|b An Anthology of Contemporary Middle Eastern American Writing /
|c edited by Susan Atefat-Peckham ; foreword by Lisa Suhair Majaj.
|
| 250 |
|
|
|a First edition.
|
| 264 |
|
1 |
|a Syracuse, New York :
|b Syracuse University Press,
|c 2014.
|
| 264 |
|
3 |
|a Baltimore, Md. :
|b Project MUSE,
|c 2014
|
| 264 |
|
4 |
|c ©2014.
|
| 300 |
|
|
|a 1 online resource (272 pages).
|
| 336 |
|
|
|a text
|b txt
|2 rdacontent
|
| 337 |
|
|
|a computer
|b c
|2 rdamedia
|
| 338 |
|
|
|a online resource
|b cr
|2 rdacarrier
|
| 490 |
0 |
|
|a Arab American writing
|
| 500 |
|
|
|a Collected works of fiction, nonfiction, and poetry by chiefly Arab Americans and Iranian Americans.
|
| 505 |
0 |
|
|a Title Page -- Copyright -- Contents -- Foreword -- Acknowledgments -- Contributors
|
| 588 |
|
|
|a Description based on print version record.
|
| 650 |
|
7 |
|a American literature
|x Iranian American authors.
|2 fast
|0 (OCoLC)fst00807187
|
| 650 |
|
7 |
|a American literature
|x Arab American authors.
|2 fast
|0 (OCoLC)fst00807122
|
| 650 |
|
7 |
|a American literature.
|2 fast
|0 (OCoLC)fst00807113
|
| 650 |
|
7 |
|a LITERARY COLLECTIONS
|x American
|x General.
|2 bisacsh
|
| 650 |
|
7 |
|a LITERARY CRITICISM
|x American
|x General.
|2 bisacsh
|
| 650 |
|
6 |
|a Litterature americaine
|y 20e siecle.
|
| 650 |
|
6 |
|a Litterature americaine
|x Auteurs americains d'origine iranienne.
|
| 650 |
|
6 |
|a Litterature americaine
|x Auteurs americains d'origine arabe.
|
| 650 |
|
0 |
|a American literature
|y 20th century.
|
| 650 |
|
0 |
|a American literature
|x Iranian American authors.
|
| 650 |
|
0 |
|a American literature
|x Arab American authors.
|
| 655 |
|
7 |
|a Litterature.
|2 rvmgf
|
| 655 |
|
7 |
|a Literature.
|2 lcgft
|
| 655 |
|
7 |
|a Literature.
|2 fast
|0 (OCoLC)fst01921716
|
| 655 |
|
7 |
|a Electronic books.
|2 local
|
| 700 |
1 |
|
|a Majaj, Lisa Suhair.
|
| 700 |
1 |
|
|a Peckham, Susan Atefat,
|d 1970-2004,
|e editor.
|
| 710 |
2 |
|
|a Project Muse.
|e distributor
|
| 830 |
|
0 |
|a Book collections on Project MUSE.
|
| 856 |
4 |
0 |
|z Texto completo
|u https://projectmuse.uam.elogim.com/book/32676/
|
| 945 |
|
|
|a Project MUSE - Custom Collection
|
| 945 |
|
|
|a Project MUSE - 2014 Literature
|
| 945 |
|
|
|a Project MUSE - 2014 Complete
|